Statistics For Management (Record no. 147)

MARC details
000 -LEADER
fixed length control field 00395nam a2200169Ia 4500
008 - FIXED-LENGTH DATA ELEMENTS--GENERAL INFORMATION
fixed length control field 221030s9999 xx 000 0 und d
020 ## - INTERNATIONAL STANDARD BOOK NUMBER
ISBN 8178085801
041 ## - LANGUAGE CODE
Language code of text/sound track or separate title
082 ## - DEWEY DECIMAL CLASSIFICATION NUMBER
Classification number 105.23
Item number Lev
100 ## - MAIN ENTRY--AUTHOR NAME
Personal name R. I. Levin
245 #0 - TITLE STATEMENT
Title Statistics For Management
260 ## - PUBLICATION, DISTRIBUTION, ETC. (IMPRINT)
Name of publisher Pearson Education
Place of publication Delhi
Year of publication 2004
300 ## - PHYSICAL DESCRIPTION
Number of Pages 1026
650 ## - SUBJECT ADDED ENTRY--TOPICAL TERM
Topical Term Management
700 ## - ADDED ENTRY--PERSONAL NAME
Personal name D. S. Rubin
942 ## - ADDED ENTRY ELEMENTS (KOHA)
Koha item type Books
Holdings
Accession Number Cost, normal purchase price Full call number Price effective from Koha item type Withdrawn / writtenoff status Materials specified (bound volume or other part) Damaged status Not for loan Permanent Location Current Location Shelving location Date acquired Lost/ Missing status department
MBA 840 395.00 105.23 Lev 10/30/2022 Books   Print     MIET Library, Jammu MIET Library, Jammu BL-Second, FL-1, CUP-64, SH-5, R-5 03/18/2006   MBA
MBA 492 395.00 105.23 Lev 10/30/2022 Books   Print     MIET Library, Jammu MIET Library, Jammu BL-Second, FL-1, CUP-64, SH-5, R-5 04/12/2005   MBA
MBA 493 395.00 105.23 Lev 10/30/2022 Books   Print   Not For Loan MIET Library, Jammu MIET Library, Jammu BL-Second, FL-1, CUP-68, SH-1, R-1 04/12/2005   MBA
MBA 494 395.00 105.23 Lev 10/30/2022 Books   Print     MIET Library, Jammu MIET Library, Jammu BL-Second, FL-1, CUP-64, SH-5, R-5 04/12/2005   MBA
MBA 495 395.00 105.23 Lev 10/30/2022 Books   Print     MIET Library, Jammu MIET Library, Jammu BL-Second, FL-1, CUP-64, SH-5, R-5 04/12/2005   MBA
MBA 496 395.00 105.23 Lev 10/30/2022 Books   Print     MIET Library, Jammu MIET Library, Jammu BL-Second, FL-1, CUP-64, SH-5, R-5 04/12/2005   MBA